|
|
|
|
| LEADER |
01910nam a2200433 i 4500 |
| 001 |
EBC4603012 |
| 003 |
MiAaPQ |
| 005 |
20200520144314.0 |
| 006 |
m o d | |
| 007 |
cr cnu|||||||| |
| 008 |
160811t20162016ne abo ob 000 0 eng d |
| 020 |
|
|
|z 9789086862825
|
| 020 |
|
|
|a 9789086868285 (e-book)
|
| 035 |
|
|
|a (MiAaPQ)EBC4603012
|
| 035 |
|
|
|a (Au-PeEL)EBL4603012
|
| 035 |
|
|
|a (CaPaEBR)ebr11237740
|
| 035 |
|
|
|a (OCoLC)953114720
|
| 040 |
|
|
|a MiAaPQ
|b eng
|e rda
|e pn
|c MiAaPQ
|d MiAaPQ
|
| 050 |
|
4 |
|a SF756.7
|b .A556 2016
|
| 082 |
0 |
|
|a 599.15
|2 23
|
| 245 |
0 |
0 |
|a Animals and us :
|b 50 years and more of applied ethology /
|c edited by Jennifer A. Brown, Yolande M. Seddon, Michael C. Appleby.
|
| 264 |
|
1 |
|a Wageningen, Netherlands :
|b Wageningen Academic Publishers,
|c 2016.
|
| 264 |
|
4 |
|c 2016
|
| 300 |
|
|
|a 1 online resource (337 pages) :
|b illustrations (some color), maps, photographs
|
| 336 |
|
|
|a text
|2 rdacontent
|
| 337 |
|
|
|a computer
|2 rdamedia
|
| 338 |
|
|
|a online resource
|2 rdacarrier
|
| 504 |
|
|
|a Includes bibliographical references at the end of each chapters.
|
| 588 |
|
|
|a Description based on online resource; title from PDF title page (ebrary, viewed July 27, 2016).
|
| 590 |
|
|
|a Electronic reproduction. Ann Arbor, MI : ProQuest, 2016. Available via World Wide Web. Access may be limited to ProQuest affiliated libraries.
|
| 650 |
|
0 |
|a Livestock
|x Behavior.
|
| 650 |
|
0 |
|a Domestic animals
|x Behavior.
|
| 655 |
|
4 |
|a Electronic books.
|
| 700 |
1 |
|
|a Brown, Jennifer A.,
|e editor.
|
| 700 |
1 |
|
|a Seddon, Yolande M.,
|e editor.
|
| 700 |
1 |
|
|a Appleby, Michael C.,
|e editor.
|
| 776 |
0 |
8 |
|i Print version:
|t Animals and us : 50 years and more of applied ethology.
|d Wageningen, Netherlands : Wageningen Academic Publishers, c2016
|h 336 pages
|z 9789086862825
|
| 797 |
2 |
|
|a ProQuest (Firm)
|
| 856 |
4 |
0 |
|u https://ebookcentral.proquest.com/lib/matrademy/detail.action?docID=4603012
|z Click to View
|